000 00527nam a2200169Ia 4500
008 090201s9999 xx 000 0 und d
010 _aKPL-59365
040 _bमराठी
041 _aमराठी
082 _a1682
_b59365
100 _aमीना प्रभू
245 _aदक्षिणरंग
_cमीना प्रभू
260 _c2004
_bमेहता पब्लिशिंग हाऊस
300 _a331
_bमोठा
600 _aदक्षिणरंग
942 _cBOOK
999 _c202781
_d202781